| 000 | 00712nam a22002537a 4500 | ||
|---|---|---|---|
| 999 |
_c8484 _d8484 |
||
| 003 | AR-CdUCM | ||
| 008 | 190325b ||||| |||| 00| 0 spa d | ||
| 040 |
_aMUNICIPALIDAD PROVINCIAL DEL CUSCO _cBIBLIOTECA MUNICIPAL DEL CUSCO |
||
| 082 |
_a869.56 / _bT17 |
||
| 100 |
_aTamayo Vargas, Augusto _91952 |
||
| 245 | _aPobre Puerto / | ||
| 260 |
_aLima : _bEdiciones Galaxia, _c1979. |
||
| 300 |
_a271 paginas ; _c20 cm. |
||
| 500 | _aNovelas | ||
| 650 |
_aNovelas _9218 |
||
| 650 |
_aPerĂº _935 |
||
| 650 |
_aSiglo XX _98 |
||
| 650 |
_aPoliticos - Sociales _923794 |
||
| 650 |
_acasma _923795 |
||
| 700 |
_aTsuchiya, Tilsa _94608 |
||
| 700 |
_aEscalante, Victor _923796 |
||
| 942 |
_2ddc _cLIBROS |
||
| 945 | _apjha | ||